Rodinné šťastie preťala zákerná choroba

Bibliographic Details
Main Author: Čapla, Róbert (Author)
Format: Article
Language:Slovak
Subjects:

MARC

LEADER 00000nab a2200000 4500
001 vtls011990293
003 SK-MaSNL
005 20260303162112.0
008 200902|20200820xo |||| || ||00 0|slo
015 |a SNBRB2020/08 
040 |a DSZK  |b slo  |c DSZK  |e rda 
041 0 |a slo 
043 |a e-xo--- 
044 |a xo  |c SK 
072 7 |a 796  |x Šport. Hry. Telesné cvičenia  |2 konspekt 
080 |a 796.332.071.2(437.6)  |2 2011 
100 1 |a Čapla, Róbert  |4 aut  |9 858172 
245 1 0 |a Rodinné šťastie preťala zákerná choroba  |c Róbert Čapla 
300 |b Fotografie 
336 |a text  |b txt  |2 rdacontent 
337 |a bez média  |b n  |2 rdamedia 
338 |a zväzok  |b nc  |2 rdacarrier 
600 1 7 |a Medgyes, Jozef,  |d 1961-1997  |2 snkbucl  |9 863643 
650 0 7 |a futbalisti  |2 SNKPH  |9 43771 
650 0 7 |a osobnosti  |2 SNKPH  |9 29820 
651 7 |a Dunajská Streda (Slovensko)  |2 SNKPH  |9 17375 
773 0 |t Šport  |g Roč. 74, č. 194 (20.8.2020), s. 8  |x 0139-7001 
958 |a SK 
958 |a RG 
999 |c 2052226  |d 2054156